000 00359nam a2200145Ia 4500
008 230524s9999 xx 000 0 und d
020 _a0198061153
100 _aChetan Bajaj
245 0 _aRetail Management
260 _bOxford
500 _aQuantity Number: 8
650 _aManagement
700 _a Rajnish Tuli & Nidhi Varma Srivastava
942 _cBK
999 _c51289
_d51289